000 00772cam a2200241 a 4500
001 12116715
005 20240221033807.0
008 000724s2001 ii b 001 0 eng
020 _a0761994386
020 _a0761994394 (pbk.)
040 _aDLC
_cDLC
_dDLC
082 0 0 _a320.54.
_221
_bETH.
100 1 _aPhadnis, Urmila.
245 1 0 _aEthnicity and nation-building in South Asia /
_cUrmila Phadnis and Rajat Ganguly.
250 _aRev. ed.
260 _aNew Delhi ;
_aThousand Oaks, CA :
_bSage Publications,
_c2001.
300 _a467 p. ;
650 0 _aEthnicity
700 1 _aGanguly, Rajat.
_eedt
856 4 2 _uhttp://www.loc.gov/catdir/enhancements/fy0657/00059158-d.html
856 4 1 _uhttp://www.loc.gov/catdir/enhancements/fy0657/00059158-t.html
942 _cL
999 _c446
_d446